| 000 | 00785nam a22002297a 4500 | ||
|---|---|---|---|
| 001 | 8652 | ||
| 003 | FISKH | ||
| 005 | 20251008101355.0 | ||
| 008 | 251008b cb ||||| |||| 00| 0 eng d | ||
| 040 |
_aFISKH _beng _cFISKH _dFISKH |
||
| 050 | _aPE1591.D4413 | ||
| 082 | _a428.1 | ||
| 100 | _aDena, Anael | ||
| 245 |
_aThe little cats book of opposites / _cConcept and text by Anael Dena ; Illustrations by Christel Desmoinaux |
||
| 260 |
_aParis : _bBaby's first book club, _c1996. |
||
| 300 |
_a45 pages : _bcolor illustrations ; _c30 cm |
||
| 520 | _aText, illustrations, and simple activities introduce the concept of opposites. | ||
| 650 |
_aopposites _vchildren's book _xPicture book |
||
| 700 |
_aDesmoinaux, Christel _eIllustrator |
||
| 942 |
_2ddc _cBK _n0 |
||
| 999 |
_c8652 _d8652 |
||